000 00781cam a22002893a 4500
001 24495
003 PGUSA
005 20140828083526.0
008 080202s2008||||xxu|||||s|||||000 1 eng d
040 _aPGUSA
_beng
042 _adc
050 4 _aPS
050 4 _aPZ
100 1 _aGordon, Nathaniel
245 1 4 _aThe Golden Judge
_h[electronic resource] /
_cNathaniel Gordon
260 _bProject Gutenberg,
_c2008
506 _aPublic domain in the USA.
516 _aElectronic text
653 _aPolitical fiction
653 _aGambling -- Fiction
653 _aShort stories
653 _aScience fiction, American
700 1 _aFreas, Kelly,
_d1922-2005
830 0 _aProject Gutenberg
_v24495
856 4 0 _uhttp://www.gutenberg.org/ebooks/24495
942 _cEB
999 _c253750
_d253750